The biology of sciaenid fishes in the Matang mangrove waters /
Saved in:
| Main Author: | |
|---|---|
| Format: | Thesis Book |
| Language: | English |
| Published: |
1995.
|
| Subjects: | |
| Tags: |
Add Tag
No Tags, Be the first to tag this record!
|
| LEADER | 01037cam a2200289 a 4500 | ||
|---|---|---|---|
| 001 | u397295 | ||
| 003 | SIRSI | ||
| 008 | 911205s1995 my a at 00 1 eng m | ||
| 035 | |a ACA-3186 | ||
| 040 | |a UMM | ||
| 043 | |a a-my-pe | ||
| 090 | |a QL638 |b S34Yap | ||
| 091 | |a Microfiche 14677 | ||
| 100 | 1 | 0 | |a Yap, Yoon Nian. |
| 245 | 1 | 4 | |a The biology of sciaenid fishes in the Matang mangrove waters / |c Yap Yoon Nian. |
| 260 | |c 1995. | ||
| 300 | |a v, 176 leaves : |b ill., maps, col. plates ; |c 30 cm. | ||
| 500 | |a Microfiche. Kuala Lumpur : University of Malaya Library, 2000. 2 fiches : negative ; 11 x 15 cm. | ||
| 502 | |a Dissertation (M.Sc.) -- Jabatan Zoologi, Fakulti Sains, Universiti Malaya, 1995. | ||
| 504 | |a Bibliography: leaves 145-171. | ||
| 650 | 0 | |a Sciaenidae | |
| 650 | 0 | |a Fishes |z Perak | |
| 650 | 0 | |a Mangrove ecology. | |
| 710 | 2 | 0 | |a Universiti Malaya. |b Jabatan Zoologi. |
| 948 | |a 06/06/1996 |b 16/08/2004 | ||
| 596 | |a 1 | ||
| 999 | |a QL638 S34YAP |w LC |c 1 |i A506172145 |d 8/12/2011 |e 8/12/2011 |l STACKS |m P01UTAMA |n 1 |r Y |s Y |t TESIS |u 2/11/1996 | ||
